00648nam a2200229 a 4500001001300000003000900013005001700022008004100039020002500080082001300105100001800118245004800136260004300184300000900227500003500236505001000271650001300281902000800294942000700302952009400309999001500403nice12345678IN_TiNIC20260116013038.0050524s1987 lona grp 000 0 eng  a0009782 c662.300a230bTIL aTillich, Paul aPaul Tillichb Theologian of the Boundaries aLondon bCollins Religious Pub. c1987 a351p aincludes index and biblioraphy2 aIndex aTheology bSRS cBK 00104070aHMIbHMId2007-08-01g662.30l0o230 TILp015504r2007-08-01w2026-01-16yEB c9409d9409